Statistics for A24 Films

Click here to take the quiz!

General Stats

  • This quiz has been taken 125 times
    (33 since last reset)
  • The average score is 46 of 152

Answer Stats

Release DateDirectorSynopsisFilm% Correct
3/7/2019Ari AsterA group of friends travels to Sweden for a festival that occurs once every 90 years, only to find themselves in the clutches of a Scandinavian pagan cult.Midsommar
90%
18/10/2019Robert EggersStranded on an island, two lighthouse keepers begin to descend into madness.The Lighthouse
90%
25/3/2022Daniel Kwan & Daniel ScheinertMiddle-aged laundromat owner Evelyn Wang discovers a multiverse filled with thousands of versions of herself.Everything Everywhere All at Once
87%
8/6/2018Ari AsterA family is haunted by a mysterious presence after the death of their secretive grandmother.Hereditary
87%
21/10/2016Barry JenkinsAn exploration of the life of a young black man from childhood to adulthood and the difficulties he faces growing up.Moonlight
87%
3/11/2017Greta GerwigA coming-of-age story of a high school senior and her strained relationship with her mother, family members, and friends.Lady Bird
83%
16/9/2022Ti WestA prequel to X, it follows the origins of Pearl and how she became the person she was.Pearl
83%
9/12/2022Darren AronofskyA 600-pound (272 kg) middle-aged man tries to reconnect with his 17-year-old daughter.The Whale
83%
18/3/2022Ti WestA production team filming a porno finds themselves in danger while staying in a secluded farmhouse in Texas.X
83%
27/10/2023Sofia CoppolaThe film follows Priscilla Presley and her complicated romantic relationship with Elvis Presley.Priscilla
80%
13/5/2016Yorgos LanthimosIn a world where single people are turned into animals after 45 days, a man and a woman attempt to form a relationship.The Lobster
80%
2/6/2023Celine SongNora and Hae Sung, two deeply connected childhood friends, are wrest apart after Nora's family emigrates from South Korea. Two decades later, they are reunited for one fateful week as they confront notions of love and destiny.Past Lives
77%
6/10/2017Sean BakerA 6-year-old girl lives with her unemployed single mother in a motel in Kissimmee, Florida, as they try to stay out of trouble and make ends meet.The Florida Project
77%
13/12/2019Joshua Safdie & Benjamin SafdieA jeweler and gambling addict in New York City must retrieve an expensive gem he purchased to pay off his debts.Uncut Gems
77%
20/5/2022Alex GarlandA young woman goes on a solo vacation in the English countryside after the death of her ex-husband.Men
73%
19/2/2016Robert EggersIn the 17th century, a Puritan family encounters forces of evil in the woods beyond their New England farm.The Witch
73%
19/10/2018Jonah HillA 13-year-old boy begins spending time with a mostly older group of skateboarders while living in 1990s Los Angeles.Mid90s
70%
14/6/2013Sofia CoppolaA group of fame-obsessed teenagers known as the Bling Ring use social media to track celebrities and burgle their homes.The Bling Ring
70%
15/12/2023Jonathan GlazerThe commandant of the Auschwitz concentration camp, Rudolf Höss, and his wife Hedwig strive to build a dream life for their family in a house and garden next to the camp.The Zone of Interest
70%
21/10/2022Charlotte WellsA woman reminisces about embarking on a summer vacation to Turkey with her father during her childhood.Aftersun
67%
13/7/2018Bo BurnhamA teenager struggling with anxiety strives to gain social acceptance from her peers during their final week of eighth grade.Eighth Grade
67%
14/4/2023Ari AsterA mild-mannered but paranoid man realizes his greatest fears as embarks on a surrealistic odyssey to get home to his mother's funeral.Beau Is Afraid
63%
12/2/2021Lee Isaac ChungA family of South Korean immigrants tries to make it in the U.S. during the 1980s.Minari
63%
16/10/2015Lenny AbrahamsonHeld captive for several years, a young woman and her 5-year-old son Jack manage to escape.Room
63%
15/3/2013Harmony KorineDuring their spring break in Florida, four college-aged girls meet an eccentric drug dealer who lures them into a world of drugs, crime, and violence.Spring Breakers
63%
30/7/2021David LoweryGawain, a nephew of King Arthur, sets out on a journey to test his courage and face the Green Knight.The Green Knight
63%
22/12/2023Sean DurkinThe Von Erich family is a dynasty of wrestlers from the 1960s onwards that had enormous success and popularized the iron claw professional wrestling hold. However, they not only had to battle inside the ring, but fight the "Von Erich curse" outside of it.The Iron Claw
63%
10/4/2015Alex GarlandProgrammer Caleb Smith is invited by his CEO to administer the Turing test to an intelligent humanoid robot.Ex Machina
60%
11/8/2017Joshua Safdie & Benjamin SafdieA bank robber tries to free his mentally disabled brother from police custody, all while eluding his own capture.Good Time
60%
28/7/2023Danny Philippou & Michael PhilippouWhen a group of friends discover how to conjure spirits using an embalmed hand, they become hooked on the new thrill, until one of them goes too far and unleashes terrifying supernatural forces.Talk to Me
60%
3/7/2015Asif KapadiaA detailing of the life and death of British singer-songwriter Amy Winehouse.Amy
57%
14/3/2014Denis VilleneuveThe lives of two identical men with two distinct personas become intertwined.Enemy
57%
24/6/2022Dean Fleischer CampA documentary director helps Marcel, a one-inch-tall shell, search for his family.Marcel the Shell with Shoes On
57%
20/10/2017Yorgos LanthimosAfter a cardiac surgeon befriends a teenage boy with a connection to his past, his family begins to fall mysteriously ill.The Killing of a Sacred Deer
57%
4/4/2014Jonathan GlazerAn otherworldly woman preys on men in Scotland through seduction.Under the Skin
57%
5/8/2022Halina ReijnA murder transpires during a party between young, rich, and backstabbing friends.Bodies Bodies Bodies
53%
25/12/2021Joel CoenAfter a supernatural prophecy, Macbeth sets out to become the King of Scotland.The Tragedy of Macbeth
53%
7/7/2017David LoweryA man becomes a ghost and remains in the house he shares with his wife.A Ghost Story
50%
10/11/2023Kristoffer BorgliA schlubby professor becomes an overnight celebrity after appearing in everyone's dream.Dream Scenario
50%
24/6/2016Dan Kwan & Daniel ScheinertA man stranded on an island tries to escape after becoming friends with a corpse that washes ashore.Swiss Army Man
50%
1/12/2017James FrancoThe unlikely friendship between Tommy Wiseau and Greg Sestero results in the production of Wiseau's The Room.The Disaster Artist
50%
12/7/2019Lulu WangAfter learning their grandmother has only a short while left to live, a Chinese-American family decides not to tell her and schedule a family gathering before she dies.The Farewell
50%
15/11/2019Trey Edward ShultsIn South Florida, a suburban family navigates love, forgiveness, and coming together in the aftermath of a loss.Waves
50%
8/10/2021Valdimar JóhannssonA childless couple in rural Iceland finds themselves parenting a lamb.Lamb
47%
14/3/2023 (re-release)Darren AronofskyA mathematician discovers a string of numbers connected to religion while trying to predict stock market patterns.Pi
47%
7/6/2019Joe TalbotA young black man tries to reclaim his childhood home in a gentrified neighborhood of San Francisco.The Last Black Man in San Francisco
47%
15/4/2016Jeremy SaulnierA punk band finds themselves attacked by neo-Nazi skinheads after witnessing a murder at a remote club.Green Room
43%
1/3/2019Gaspar NoéA French dance troupe throws an party that takes a dark turn after everyone consumes sangria laced with LSD.Climax
40%
18/5/2018Paul SchraderA Protestant minister struggles with his faith while serving as pastor of a dwindling historic church in Upstate New York.First Reformed
40%
16/6/2017Trey Edward ShultsA family hides in a forest as the Earth is taken over by a highly contagious disease.It Comes at Night
40%
22/9/2023 (re-release)Jonathan DemmeA re-release of Jonathan Demme’s seminal Talking Heads documentary for its 40th anniversary, newly restored in 4K.Stop Making Sense
37%
4/3/2022KogonadaA family attempts to save the life of their robotic family member, Yang, who has become unresponsive.After Yang
33%
27/1/2023Lukas DhontA teenager tries to distance himself from his best friend after their close relationship is commented on.Close
33%
6/3/2020Kelly ReichardtIn the 1820s Northwest, two travelers learn their plan of striking it rich will rely on the use of a landowner's prized dairy cow.First Cow
33%
23/7/2021Leo Scott & Ting PooA detailing of the life and career of American actor Val Kilmer.Val
33%
25/4/2014Steven KnightIvan Locke's life unravels as he answers several phone calls on a drive to London.Locke
30%
10/12/2021Sean BakerA washed-up porn star returns to his small Texas hometown, even though no one there really wants him back.Red Rocket
30%
29/1/2021Rose GlassHospice nurse Maud, a recent convert to Roman Catholicism, becomes obsessed with saving the soul of one of her patients.Saint Maud
30%
25/11/2022Noah BaumbachDramatizes a contemporary American family's attempts to deal with the mundane conflicts of everyday life while grappling with the universal mysteries of love, death, and the possibility of happiness in an uncertain world.White Noise
30%
30/6/2021Janicza BravoZola is a part-time stripper who is convinced by her new friend to travel to Tampa, Florida, to earn money.Zola
30%
10/6/2016Noah Baumbach & Jake PaltrowA documentary about the life of American filmmaker Brian De Palma.De Palma
27%
5/4/2019Claire DenisA group of criminals is sent on a space mission, traveling towards a black hole.High Life
27%
15/8/2014Jeff BaenaAfter his girlfriend dies and miraculously comes back to life, Zach takes the opportunity to experience all the things he regretted not doing with her before.Life After Beth
27%
2/10/2020Sofia CoppolaA father and daughter harbor suspicions about her husband's fidelity.On the Rocks
27%
27/9/2019Daniel ScheinertAfter the loss of a friend, two men refuse to say the cause of death.The Death of Dick Long
27%
28/12/2016Mike MillsA determined single mother in her mid-50s raises her adolescent son in 1970s Southern California.20th Century Women
23%
30/9/2016Andrea ArnoldA teenage girl from a troubled home runs away with a traveling sales crew who drive across the American Midwest selling magazine subscriptions door to door.American Honey
23%
14/8/2020Jesse Moss & Amanda McBaineA thousand teenage boys attending Boys State in Texas decide to build their own state government.Boys State
23%
28/10/2022Lila NeugebauerA US soldier suffers a traumatic brain injury and struggles to adjust to life back home.Causeway
23%
19/11/2021Mike MillsA radio journalist and his young nephew forge an unexpected bond over a cross-country trip.C'mon C'mon
23%
2/8/2013James PonsoldtAn encounter between high schoolers Sutton and Aimee results in a romance blossoming between the two.The Spectacular Now
23%
19/4/2019David Robert MitchellA young man investigates the sudden disappearance of his neighbor, only to stumble upon a dangerous conspiracy.Under the Silver Lake
23%
7/7/2023Savanah LeafGia, a single mother, tries to navigate life during her latest pregnancy.Earth Mama
20%
6/6/2014Gillian RobespierreAfter a one-night stand, a pregnant stand-up comedian decides to have an abortion.Obvious Child
20%
7/4/2023Kelly ReichardtAn artist on the verge of a career-changing exhibition finds inspiration in the chaos of life.Showing Up
20%
31/3/2017Oz PerkinsTwo girls left behind at their boarding school over winter break must battle a mysterious force of evil.The Blackcoat's Daughter
20%
2/12/2022Joanna HoggAn artist and her elderly mother confront long-buried secrets when they returned to a former family home, now a hotel haunted by its mysterious past.The Eternal Daughter
20%
27/3/2015Noah BaumbachA couple in their 40s develops a friendship with a couple in their 20s.While We're Young
20%
6/10/2023Larry CharlesTwo business adversaries who realize they're identical twin brothers decide to switch places to reunite their divorced parents so they all can become an actual family again.Dicks: The Musical
17%
21/4/2017Ben WheatleyAn arms deal gone wrong leads to a shootout between two groups.Free Fire
17%
26/8/2022Owen KlineThe coming-of-age story of a teenage cartoonist.Funny Pages
17%
27/7/2018Elijah BynumIn 1991, a teenage boy becomes entangled in the drug trade.Hot Summer Nights
17%
18/3/2016Trey Edward ShultsA woman estranged from her family returns for a Thanksgiving dinner.Krisha
17%
24/10/2014Lynn SheltonWhen her high-school sweetheart proposes, Megan panics and hides out in the home of her 16-year-old friend.Laggies
17%
14/10/2022Claire DenisA young American journalist stranded in present-day Nicaragua falls for an enigmatic Englishman who seems like her best chance of escape.Stars at Noon
17%
24/11/2021Stephen KaramIn Lower Manhattan, the Blake family gathers for a Thanksgiving dinner.The Humans
17%
18/11/2022Elegance BrattonAt boot camp, Ellis French's sexual orientation makes him the target of near-lethal hazing from a training instructor and a fellow recruit.The Inspection
17%
3/11/2023Raven JacksonThe film charts the growth, loves, and heartbreaks of a Black woman in Mississippi, from her childhood through her adult years.All Dirt Roads Taste of Salt
13%
25/6/2021John LeeA woman begins to suspect there is something sinister about her pregnancy.False Positive
13%
15/3/2013Sally PotterThe friendship between two British teenagers is tested during the peak of the Cuban Missile Crisis.Ginger & Rosa
13%
6/4/2018Andrew HaighA 15-year-old boy begins to work at a stable and befriends an ailing racehorse.Lean on Pete
13%
10/2/2023Benjamin CaronA con artist takes on Manhattan's billionaires.Sharper
13%
1/3/2019Lee CroninAfter her son briefly vanishes, Sarah begins to fear that the boy who returned may not be her son at all.The Hole in the Ground
13%
17/5/2019Joanna HoggA film student begins a relationship with a charismatic but untrustworthy older man.The Souvenir
13%
29/10/2021Joanna HoggA film student deals with the aftermath of her relationship to an older man.The Souvenir Part II
13%
20/1/2023Jesse EisenbergA high school student pursues music while living with his formal and uptight mother who runs a shelter for survivors of domestic abuse.When You Finish Saving the World
13%
26/5/2023Nicole HolofcenerA novelist whose long-standing marriage is suddenly upended when she overhears her husband give his honest reaction to her latest book.You Hurt My Feelings
13%
31/12/2014J.C. ChandorThe life of an immigrant in 1981, where the streets of New York City are plagued by rampant political and industry corruption.A Most Violent Year
10%
15/7/2016Drake DoremusTwo people live in a dystopian, post-apocalyptic world where any sign of emotion is treated as a disease.Equals
10%
25/5/2018John Cameron MitchellEnn stumbles upon a gathering of teenagers from another planet, where he falls in love with Zan, a rebellious alien.How to Talk to Girls at Parties
10%
28/7/2017Joshua Z WeinsteinA widowed Hasidic Jewish man tries to regain custody of his 10-year-old son.Menashe
10%
25/9/2015Anna Boden & Ryan FleckGerry is a down-on-his-luck gambler whose fortunes begin to change when he meets Curtis, a young poker player.Mississippi Grind
10%
3/8/2018Augustine FrizzellAngela and Jessie are high school dropouts who go to Galveston, Texas, to escape their waitressing jobs.Never Goin' Back
10%
25/12/2023Steve McQueenA documentary set in present-day Amsterdam that traces where the occupying German Nazi forces committed atrocities against the local Jewish population back in World War II.Occupied City
10%
24/10/2014Andrew Lau & Andrew LooChinese immigrant Sonny rebels against "The Green Dragons," a Chinatown gang that he has been a part of since his youth.Revenge of the Green Dragons
10%
26/7/2019Guy NattivNeo-Nazi skinhead Bryon Widner decides to leave the white supremacist movement.Skin
10%
10/9/2018Austin VeselyFollowing the violent murders of several pizza deliverymen, two survivors set out to catch the culprits.Slice
10%
31/7/2015James PonsoldtRolling Stone reporter David Lipsky remembers a five-day interview with novelist David Foster Wallace.The End of the Tour
10%
11/11/2016Bryan BertinoA woman and her daughter find themselves stranded at night with a malicious creature hunting them.The Monster
10%
13/6/2014David MichôdYears after a global economic collapse, two men in Australia track down a gang that robbed them.The Rover
10%
22/9/2017Kate Mulleavy & Laura MulleavyA woman copes with the loss of her mother by using a powerful substance that has hallucinogenic, violent repercussions.Woodshock
10%
8/2/2013Roman CoppolaCharles' life falls apart when his girlfriend breaks up with him.A Glimpse Inside the Mind of Charles Swan III
7%
10/8/2018Jean-Stéphane SauvaireBilly Moore is a young incarcerated English boxer who takes part in a Muay Thai tournament for a chance to get out.A Prayer Before Dawn
7%
29/5/2015Kyle NewmanAgent 83 is a teenage intelligence agent yearning for a normal adolescence.Barely Lethal
7%
3/4/2015Matt ShakmanDwayne McLaren and his girlfriend witness a murder in Cut Bank, Montana.Cut Bank
7%
7/8/2015Gilles Paquet-BrennerLibby Day searches for the murderer who killed her mother and two sisters when she was seven years old.Dark Places
7%
8/3/2019Sebastián LelioA divorced mother in Los Angeles enters an unexpected new romance.Gloria Bell
7%
6/12/2019Peter StricklandA haunted red dress torments its owners.In Fabric
7%
11/8/2023Thomas HardimanA murder mystery set in a competitive hairdressing contest.Medusa Deluxe
7%
22/1/2016William MonahanAttempting to escape his privileged existence, Thomas walks into the desert, only to run into a homicidal drifter.Mojave
7%
26/10/2016Mat WhitecrossThe history of the Britpop band Oasis.Oasis: Supersonic
7%
11/3/2016Atom EgoyanA Holocaust survivor with dementia sets out to kill a Nazi war criminal.Remember
7%
16/1/2015Julius AveryJR is rewarded by Brendan Lynch for orchestrating a prison escape and later agrees to rob a Kalgoorlie gold mine.Son of a Gun
7%
15/4/2016Pamela RomanowskySuffering from writer's block, author Stephen Elliot becomes obsessed with a high-profile murder case.The Adderall Diaries
7%
12/12/2014Atom EgoyanA nonlinear presentation of events taking place after a man's daughter is kidnapped.The Captive
7%
14/9/2018Richard EyreA judge is given a case where a 17-year-old teenager suffering from leukemia refuses a blood transfusion because it goes against his religious beliefs.The Children Act
7%
5/5/2017Azazel JacobsA married couple cheating on each other falls in love again.The Lovers
7%
26/8/2016Gus Van SantAn American professor travels to Japan and meets Takumi, an injured stranger who he decides to help.The Sea of Trees
7%
2/3/2018Shawn ChristensenA detective searches for the missing bestselling author Sidney Hall.The Vanishing of Sidney Hall
7%
30/12/2022Andrew CallaghanA documentary about the events leading to the January 6th US Capitol riot.This Place Rules
7%
27/4/2018Per FlyAn employee working at the UN investigates the murder of his predecessor and uncovers a vast global conspiracy.Backstabbing for Beginners
3%
27/5/2022Roger MichellA documentary about Queen Elizabeth II.Elizabeth: A Portrait in Parts
3%
22/9/2022Saela Davis & Anna Rose HolmerIn a windswept fishing village, a mother lies to protect her son from a serious allegation.God's Creatures
3%
29/7/2016Patricia RozemaTwo sisters living with their father have their peaceful lives interrupted after a continent-wide power outage.Into the Forest
3%
4/10/2019Kevin McMullinAfter two brothers find a bag of gold coins, they try to hide it from their friends who are willing to do anything to get the money.Low Tide
3%
19/8/2016Chad HartiganA 13-year-old boy dreams of becoming a rapper in an EDM-dominated culture.Morris from America
3%
12/1/2024
Joelle Chesselet & Philippa EhrlichA passionate conservationist makes a cruel pact to save endangered seabirds from extinction on an inhospitable island, alone. In the end, it's a victory for the birds, but at what price?My Mercury
3%
6/4/2019Rashid JohnsonBigger Thomas is a young black man living in Chicago who is hired as a chauffeur for an affluent businessman.Native Son
3%
23/1/2024Sara GoldblattJohn Mew thinks we're all ugly. And modern living is to blame. For decades he's waged a lonely war against orthodontics and that teenage rite of passage - braces.Open Wide
3%
1/2/2019Stephen McCallumAfter being released from prison, an Australian motorcycle gang leader fights to gain back control.Outlaws
3%
27/7/2019Pippa Bianco16-year-old Mandy discovers a disturbing video from a night she does not remember and tries to figure out what happened.Share
3%
15/5/2015John MacleanJay Cavendish journeys across the American frontier alongside a bounty hunter in search of the woman he loves.Slow West
3%
21/7/2023Peter NicksA documentary on the career of basketball star Stephen Curry from his 2008 NCAA Tournament run with Davidson to the 2021 Golden State Warriors run at another NBA Championship.Stephen Curry: Underrated
3%
15/12/2017Jared MosheA cowboy recruits a young gunslinger to avenge the shooting of his friend.The Ballad of Lefty Brown
3%
19/7/2023Laura McGannA documentary about Alessia Zecchini and her quest to break the diving record.The Deepest Breath
3%
18/10/2019Victoria Stone & Mark DeebleA mother elephant does everything in her power to protect her herd.The Elephant Queen
3%
2/6/2017David LeveauxA Wehrmacht officer is ordered to determine whether a British spy has infiltrated the residence of Wilhelm II.The Exception
3%
25/10/2019Dan KraussA U.S. Army recruit faces a dilemma when his platoon participates in murdering civilians in Afghanistan.The Kill Team
3%
30/3/2018Adam RifkinActor Vic Edwards accepts an invitation to receive a Lifetime Achievement award at a two-bit film festival in Nashville.The Last Movie Star
3%
11/2/2022Josephine DeckerA young musician tries to keep things together after the death of her older sister.The Sky Is Everywhere
3%
20/1/2017Adam SmithThe son of an outlaw, a criminal searches for a better future for his young son.Trespass Against Us
3%
29/6/2018Susanna WhiteA portrait painter travels from New York City to the Dakotas to paint a portrait of Sitting Bull in 1890.Woman Walks Ahead
3%

Score Distribution

Percentile by Number Answered

Percent of People with Each Score

Your Score History

You have not taken this quiz since the last reset